| 000 | 01477cam a2200337 a 4500 | ||
|---|---|---|---|
| 999 |
_c331015 _d331015 |
||
| 001 | 1072776 | ||
| 003 | NUST | ||
| 005 | 20180117090030.0 | ||
| 008 | 910221s1991 enka b 000 0 eng | ||
| 010 | _a 91052785 | ||
| 020 | _a0803983352 | ||
| 020 | _a0803983360 (pbk.) | ||
| 040 |
_aDLC _cDLC _dDLC |
||
| 050 | 0 | 0 |
_aBF637.C6 _bT65 1991 |
| 082 | 0 | 0 |
_a158/.3/07 DRY _220 |
| 245 | 0 | 0 |
_aTraining and supervision for counselling in action / _cedited by Windy Dryden and Brian Thorne. |
| 260 |
_aLondon ; _aNewbury Park, Calif. : _bSage, _c1991. |
||
| 300 |
_a182 p. : _bill. ; _c23 cm. |
||
| 440 | 0 |
_aCounselling in action _94116 |
|
| 504 | _aIncludes bibliographical references and index. | ||
| 650 | 0 |
_aCounseling _xStudy and teaching. _94023 |
|
| 650 | 0 |
_aCounselors _xSupervision of. _94377 |
|
| 700 | 1 |
_aDryden, Windy. _94378 |
|
| 700 | 1 |
_aThorne, Brian, _d1937- _94114 |
|
| 856 | 4 | 2 |
_3Publisher description _uhttp://www.loc.gov/catdir/enhancements/fy0656/91052785-d.html |
| 856 | 4 | 1 |
_3Table of contents only _uhttp://www.loc.gov/catdir/enhancements/fy0656/91052785-t.html |
| 906 |
_a7 _bcbc _corignew _d1 _eocip _f19 _gy-gencatlg |
||
| 942 |
_2ddc _cBK |
||